| 000 | 01133nam a2200253Ia 4500 | ||
|---|---|---|---|
| 003 | OSt | ||
| 005 | 20210510132306.0 | ||
| 008 | 210310s2010 ck gr 000 0 spa d | ||
| 020 | _a9789587104806 | ||
| 040 |
_aCO-JMCR _cCO-JMCR |
||
| 041 | 0 | _aspa | |
| 082 | 0 | 4 |
_a343.04 / _bP695c _223 |
| 100 | 1 |
_aPiza Rodríguez, Julio Roberto, _919861 _eautor |
|
| 245 | 1 | 0 |
_aCurso de derecho tributario, procedimiento y régimen sancionatorio / _cJulio Roberto Piza Rodríguez |
| 250 | _aPrimera edición | ||
| 260 |
_aBogotá : _bUniversidad Externado de Colombia, _c2010 |
||
| 300 |
_a873 páginas ; _c24 cm. |
||
| 504 | _aBibliografía: páginas 869-872 | ||
| 505 | 0 | _aDerecho tributario concepto y fundamento de su autonomía científica -- El poder tributario organización y estructura en el Estado colombiano -- Los principios constitucionales del sistema tributario -- El sistema normativo del derecho tributario | |
| 650 | 1 | 4 |
_aProcedimiento tributario _919863 _xLegislación _zColombia |
| 650 |
_aDerecho fiscal _xLegislación _zColombia _98426 |
||
| 650 | 2 | 4 |
_aSanciones tributarias _xLegislación _zColombia _937519 |
| 942 |
_2ddc _cBK |
||
| 999 |
_c9346 _d9346 |
||